Mathematical recreations & essays / (Record no. 1861)

MARC details
000 -LEADER
fixed length control field 01563nac a22003251i 4500
003 - CONTROL NUMBER IDENTIFIER
control field EG-ScBUE
005 - DATE AND TIME OF LATEST TRANSACTION
control field 20250529084139.0
008 - FIXED-LENGTH DATA ELEMENTS--GENERAL INFORMATION
fixed length control field 250313s1962 nyuad f b 001 0 eng d
040 ## - CATALOGING SOURCE
Original cataloging agency EG-ScBUE
Language of cataloging eng
Description conventions rda
Transcribing agency EG-ScBUE
Modifying agency EG-ScBUE
082 04 - DEWEY DECIMAL CLASSIFICATION NUMBER
Classification number 510.76
Item number BAL
Edition number 22
100 1# - MAIN ENTRY--PERSONAL NAME
Personal name Ball, W. W. Rouse,
Relator term author.
245 10 - TITLE STATEMENT
Title Mathematical recreations & essays /
Statement of responsibility, etc by W. W. Rouse Ball, late fellow of Trinity College, Cambridge ; revised by H. S. M. Coxeter, past fellow of Trinity College, Cambridge.
250 ## - EDITION STATEMENT
Edition statement Eleventh edition.
264 #1 - PUBLICATION, DISTRIBUTION, ETC. (IMPRINT)
Place of publication, distribution, etc New York :
Name of publisher, distributor, etc The Macmillan company,
Date of publication, distribution, etc 1962.
300 ## - PHYSICAL DESCRIPTION
Extent xvi, 418 pages :
Other physical details illustrations, diagrams ;
Dimensions 21 cm
336 ## - CONTENT TYPE
Source rdacontent
Content type term text
Content type code txt
337 ## - MEDIA TYPE
Media type term unmediated
Source rdamedia
Media type code n
338 ## - CARRIER TYPE
Carrier type term volume
Carrier type code nc
Source rdacarrier
500 ## - GENERAL NOTE
General note "Copyright. First edition, 1892 ... Eleventh edition, 1939."
504 ## - BIBLIOGRAPHY, ETC. NOTE
Bibliography, etc Includes bibliographical references and index.<br/>
505 0# - FORMATTED CONTENTS NOTE
Formatted contents note Arithmetical recreations.--Geometrical recreations.--Polyhedra.--Chess board recreations.--Magic squares.--Map-coloring Problems.--Unicursal problems.--Kirkman's school-girls problems.--Miscellaneous problems.--Three classical geometrical problems.--Calculating prodigies.--Cryptography and cryptanalysis.
650 #7 - SUBJECT ADDED ENTRY--TOPICAL TERM
Topical term or geographic name as entry element Mathematical recreations.
Source of heading or term BUEsh
650 #7 - SUBJECT ADDED ENTRY--TOPICAL TERM
Topical term or geographic name as entry element Geometry
General subdivision Famous problems.
Source of heading or term BUEsh
650 #7 - SUBJECT ADDED ENTRY--TOPICAL TERM
Topical term or geographic name as entry element Cryptography.
Source of heading or term BUEsh
650 #7 - SUBJECT ADDED ENTRY--TOPICAL TERM
Topical term or geographic name as entry element Ciphers.
Source of heading or term BUEsh
655 ## - INDEX TERM--GENRE/FORM
Form subdivision Reading book
700 1# - ADDED ENTRY--PERSONAL NAME
Personal name Coxeter, H. S. M.
Fuller form of name (Harold Scott Macdonald),
Dates associated with a name 1907-
Relator term editor.
942 ## - ADDED ENTRY ELEMENTS (KOHA)
Koha item type Book - Borrowing
Source of classification or shelving scheme Dewey Decimal Classification
Holdings
Withdrawn status Lost status Source of classification or shelving scheme Damaged status Not for loan Collection code Home library Current library Shelving location Date acquired Source of acquisition Total Checkouts Full call number Barcode Date last seen Price effective from Koha item type
    Dewey Decimal Classification     Baccah Central Library Central Library First floor 20/12/2006 Purchase   510.76 BAL 000002456 15/07/2025 20/12/2006 Book - Borrowing